[Event "CAN-ch U16 Girls playoff"]
[Site "Ottawa"]
[Date "2007.07.06"]
[Round "2"]
[White "Labrador, Jhoyli"]
[Black "Ruiter, Chelsea"]
[Result "0-1"]
[WhiteElo "1501"]
[BlackElo "1263"]
[PlyCount "156"]
[EventDate "2007.07.06"]
[EventType "match"]
[EventRounds "2"]
[EventCountry "CAN"]
[SourceTitle "EXT 2022"]
[Source "ChessBase"]
[SourceDate "2021.10.06"]
[SourceVersion "1"]
[SourceVersionDate "2021.10.06"]
[SourceQuality "1"]

1. d4 Nf6 2. c4 c5 3. d5 d6 4. Nc3 Bd7 5. e4 g6 6. Be2 Bg7 7. Nf3 Bg4 8. 0-0 Bxf3 9. Bxf3 0-0 10. Be3 Nbd7 11. Be2 Qb6 12. Na4 Qc7 13. Nc3 Ne8 14. f4 Qb6 15. Rb1 Bd4 16. Qd2 Bxc3 17. Qxc3 Qb4 18. Bd2 Qxc3 19. Bxc3 Nef6 20. e5 dxe5 21. Bxe5 Nxe5 22. fxe5 Nd7 23. e6 fxe6 24. Rxf8+ Nxf8 25. dxe6 Nxe6 26. Bf3 Nd8 27. Re1 e6 28. Re5 Rc8 29. Bg4 Kf7 30. Kf2 Kf6 31. Re3 a6 32. a3 b5 33. b3 bxc4 34. bxc4 Rb8 35. Bf3 Rb2+ 36. Kg3 Nf7 37. Bg4 Nd8 38. Rd3 Ke7 39. Re3 Rc2 40. Be2 h5 41. Re5 Rc3+ 42. Kf4 Kd6 43. Rg5 Rxa3 44. Rxg6 Nf7 45. Bxh5 Nd8 46. Rg8 Ke7 47. Re8+ Kd7 48. Rg8 Rc3 49. Be2 a5 50. Rg7+ Kc6 51. Bf3+ Kb6 52. Rg8 Rxc4+ 53. Ke3 Nc6 54. Rc8 Ne5 55. Rb8+ Kc7 56. Ra8 Nxf3 57. gxf3 Kb6 58. Re8 Rc3+ 59. Kf4 Rc4+ 60. Kg3 Kb5 61. Rxe6 a4 62. h4 a3 63. Re1 Rb4 64. Ra1 Ka4 65. h5 Rb2 66. h6 Rb6 67. h7 Rh6 68. f4 Rxh7 69. f5 c4 70. Kf4 c3 71. Ke3 Rd7 72. f6 c2 73. Ke2 Kb3 74. f7 Rxf7 75. Kd2 Kb2 76. Rc1 Rc7 77. Re1 c1Q+ 78. Rxc1 Rxc1 0-1

[Event "CAN-ch U16 Girls"]
[Site "Ottawa"]
[Date "2007.07.04"]
[Round "3"]
[White "Labrador, Jhoyli"]
[Black "Ruiter, Chelsea"]
[Result "1/2-1/2"]
[WhiteElo "1584"]
[BlackElo "1242"]
[PlyCount "112"]
[EventDate "2007.07.03"]
[EventType "tourn"]
[EventRounds "6"]
[EventCountry "CAN"]
[SourceTitle "EXT 2022"]
[Source "ChessBase"]
[SourceDate "2021.10.06"]
[SourceVersion "1"]
[SourceVersionDate "2021.10.06"]
[SourceQuality "1"]

1. d4 Nf6 2. c4 c5 3. Nf3 d5 4. Nc3 cxd4 5. Nxd4 dxc4 6. e4 e5 7. Nf3 Qxd1+ 8. Nxd1 Nxe4 9. Nxe5 Bb4+ 10. Ke2 b5 11. g3 f6 12. Nf3 Bg4 13. Bg2 Nd7 14. h3 Bf5 15. Nh4 Nxg3+ 16. fxg3 Bd3+ 17. Kf2 Rd8 18. a3 Bc5+ 19. Be3 0-0 20. Bxc5 Nxc5 21. Ne3 Ne4+ 22. Bxe4 Bxe4 23. Rhd1 Rd3 24. Ke2 Rfd8 25. Rxd3 Bxd3+ 26. Kf2 g5 27. Nf3 Be4 28. Rd1 Rxd1 29. Nxd1 Bxf3 30. Kxf3 Kf7 31. Ke4 Ke6 32. Nc3 f5+ 33. Kd4 a6 34. Nd5 Kd6 35. Nf6 h6 36. Ng8 h5 37. Nf6 g4 38. hxg4 hxg4 39. Nd5 a5 40. Ne3 Ke6 41. Nd5 Kd6 42. Nf6 Ke6 43. Ne8 f4 44. gxf4 g3 45. Ke3 g2 46. Kf2 g1Q+ 47. Kxg1 Kf5 48. Nd6+ Kxf4 49. Nxb5 Ke3 50. Nd6 Kd3 51. Kf2 c3 52. bxc3 Kxc3 53. Ke2 Kb3 54. Kd3 Kxa3 55. Nc4+ Ka4 56. Nxa5 Kxa5 1/2-1/2